Nehnuteľnosti

Z obsahu: Na veľtrhu nehnuteľností v Cannes iba nevýrazná účasť zo Slovenska. Veľkým investíciám rýchle rozhodovanie nesvedčí. Central pasáž v Bratislave.

Salvato in:
Dettagli Bibliografici
Autore principale: Zverková, Daniela
Natura: Capitolo di libro
Lingua:slovacco
Soggetti:
Tags: Aggiungi Tag
Nessun Tag, puoi essere il primo ad aggiungerne!!

MARC

LEADER 00000naa a2200000 4500
001 r025914
005 20230921080455.3
041 0 |a slo 
044 |a SK 
245 1 0 |a Nehnuteľnosti  |c D. Zverková 
520 |a Z obsahu: Na veľtrhu nehnuteľností v Cannes iba nevýrazná účasť zo Slovenska. Veľkým investíciám rýchle rozhodovanie nesvedčí. Central pasáž v Bratislave. 
610 2 0 |a nehnuteľnosti 
610 2 0 |a veľtrhy 
610 2 0 |a investície 
610 2 0 |a investori 
610 2 0 |a Central Bratislava 
610 2 0 |a Cannes 
610 2 0 |a 1997 
610 2 0 |a Slovensko 
100 1 |a Zverková, Daniela